000
00341nam a22001457a 4500
999
_c
54957
_d
54957
008
191104b ||||| |||| 00| 0 eng d
020
_a
9789951550185
041
_a
eng
080
_a
573
082
_a
573
100
_a
11
101
_a
BIO
245
_a
Biologjia qelizore molekulare ne gjenetikë
_c
Kamber.N, Rizani,H
942
_2
udc
_c
BK